[Event "Quebec-ch playoff"]
[Site "Montreal"]
[Date "2009.01.05"]
[Round "3"]
[White "Hebert, Jean"]
[Black "Barbeau, Sylvain"]
[Result "1-0"]
[WhiteElo "2441"]
[BlackElo "2408"]
[PlyCount "137"]
[EventDate "2009.01.05"]
[EventType "match"]
[EventRounds "3"]
[EventCountry "CAN"]
[SourceTitle "EXT 2011"]
[Source "ChessBase"]
[SourceDate "2010.11.26"]
[SourceVersion "1"]
[SourceVersionDate "2010.11.26"]
[SourceQuality "1"]

1. Nf3 Nf6 2. c4 c5 3. Nc3 e6 4. e3 a6 5. d4 d5 6. a3 Nc6 7. cxd5 exd5 8. Be2 Bd6 9. dxc5 Bxc5 10. 0-0 0-0 11. b4 Ba7 12. Bb2 d4 13. exd4 Nxd4 14. Nxd4 Qxd4 15. Bf3 Qxd1 16. Rfxd1 Rb8 17. h3 Be6 18. Ne2 b5 19. Rd6 Rb6 20. Rad1 Ne8 21. Rd8 Rb8 22. Nf4 Bc4 23. R8d7 Bb6 24. Be5 Nf6 25. Bxf6 gxf6 26. Bd5 Rbc8 27. Nh5 Bxd5 28. R7xd5 Rc2 29. Nxf6+ Kg7 30. Nh5+ Kh8 31. R5d2 Rc3 32. Rd3 Rc2 33. Rf3 h6 34. Nf6 Rfc8 35. Nd5 Rc1 36. Rxc1 Rxc1+ 37. Kh2 Bd4 38. Rxf7 Ra1 39. Rf3 Bb2 40. Nc7 Bxa3 41. Nxa6 Bb2 42. Nc5 Bd4 43. Nd3 Ra3 44. h4 Kg7 45. h5 Rb3 46. Kh3 Bf6 47. Kg4 Be7 48. Re3 Bxb4 49. Nxb4 Rxb4+ 50. f4 Rb2 51. g3 b4 52. Re7+ Kg8 53. Kf5 Rc2 54. Rb7 Rc5+ 55. Kf6 Rc6+ 56. Ke7 Rc3 57. g4 Rc4 58. g5 Rxf4 59. g6 Rh4 60. Kf6 Rf4+ 61. Ke5 Rh4 62. Kf6 Rf4+ 63. Ke6 Rh4 64. Rb5 Kg7 65. Rf5 b3 66. Rb5 b2 67. Rb7+ Kg8 68. Rxb2 Rxh5 69. Kf6 1-0

[Event "Quebec-ch"]
[Site "Montreal"]
[Date "2008.12.09"]
[Round "6"]
[White "Barbeau, Sylvain"]
[Black "Prahov, Valentin Asenov"]
[Result "1/2-1/2"]
[WhiteElo "2378"]
[BlackElo "2126"]
[PlyCount "32"]
[EventDate "2008.12.03"]
[EventType "tourn"]
[EventRounds "7"]
[EventCountry "CAN"]
[SourceTitle "EXT 2011"]
[Source "ChessBase"]
[SourceDate "2010.11.26"]
[SourceVersion "1"]
[SourceVersionDate "2010.11.26"]
[SourceQuality "1"]

1. e4 c5 2. Nf3 e6 3. c3 Nc6 4. d4 d5 5. e5 Qb6 6. a3 a5 7. b3 Bd7 8. Be3 Nh6 9. dxc5 Bxc5 10. Bxc5 Qxc5 11. b4 Qb6 12. b5 Ne7 13. Bd3 a4 14. Nbd2 0-0 15. 0-0 Qc5 16. c4 dxc4 1/2-1/2

[Event "Quebec-ch"]
[Site "Montreal"]
[Date "2008.12.06"]
[Round "4"]
[White "Hebert, Jean"]
[Black "Barbeau, Sylvain"]
[Result "1/2-1/2"]
[WhiteElo "2424"]
[BlackElo "2378"]
[PlyCount "161"]
[EventDate "2008.12.03"]
[EventType "tourn"]
[EventRounds "7"]
[EventCountry "CAN"]
[SourceTitle "EXT 2011"]
[Source "ChessBase"]
[SourceDate "2010.11.26"]
[SourceVersion "1"]
[SourceVersionDate "2010.11.26"]
[SourceQuality "1"]

1. e4 c5 2. Nf3 Nc6 3. Bb5 d6 4. Bxc6+ bxc6 5. 0-0 Bg4 6. c3 e6 7. h3 Bh5 8. Re1 Nf6 9. d3 Be7 10. Nbd2 0-0 11. Qa4 Qc7 12. b3 d5 13. Ba3 Rfd8 14. Rac1 a5 15. exd5 Nxd5 16. Ne5 Bg5 17. Rc2 Nxc3 18. Qxc6 Qxc6 19. Nxc6 Rxd3 20. Nc4 Nd5 21. Bxc5 a4 22. bxa4 Bd1 23. Rb2 Bxa4 24. N6e5 Rc3 25. Bd4 Rc2 26. a3 Rxb2 27. Bxb2 Be7 28. Bc1 f6 29. Nf3 Rc8 30. Nb2 Bd7 31. a4 Bb4 32. Bd2 Bd6 33. Ra1 e5 34. Nd1 e4 35. Ne1 Be5 36. Ra2 Rb8 37. Ne3 Nc3 38. Rc2 Ne2+ 39. Kf1 Nd4 40. Rc4 Ra8 41. Bc3 Rxa4 42. Rxa4 Bxa4 43. g3 Bb5+ 44. Kg2 Nf3 45. Bb4 Nxe1+ 46. Bxe1 Be2 47. Bd2 h5 48. Nf1 Bd4 49. Kg1 Kf7 50. Be3 Be5 51. Nd2 Bd3 52. Kg2 g5 53. f3 exf3+ 54. Nxf3 Bd6 55. h4 gxh4 56. Nxh4 Ke6 57. Kf3 Bc2 58. Kf2 Kd5 59. Bb6 Ke4 60. Ba7 Bd1 61. Bb6 Bg4 62. Ng2 Bd7 63. Nh4 Be8 64. Ba7 Be7 65. Bb6 f5 66. Ng2 Bg5 67. Bc5 Ba4 68. Bb6 Bd1 69. Bc5 Bg4 70. Bb6 Bh3 71. Bc5 Bg4 72. Bb6 Bf6 73. Bc5 Bh3 74. Bb6 Bxg2 75. Kxg2 Bd4 76. Bc7 Ke3 77. Bf4+ Ke2 78. Bc7 Be3 79. Bd6 Bf2 80. Bc7 Bxg3 81. Kxg3 1/2-1/2